SMA directory
Đã lưu trong:
| Tác giả chính: | |
|---|---|
| Định dạng: | Sách |
| Ngôn ngữ: | Undetermined |
| Được phát hành: |
Singapore
Singapore Manufacturers Association
1971
|
| Những chủ đề: | |
| Các nhãn: |
Thêm thẻ
Không có thẻ, Là người đầu tiên thẻ bản ghi này!
|
| Thư viện lưu trữ: | Trung tâm Học liệu Trường Đại học Cần Thơ |
|---|
| LEADER | 00555nam a2200193Ia 4500 | ||
|---|---|---|---|
| 001 | CTU_90612 | ||
| 008 | 210402s9999 xx 000 0 und d | ||
| 082 | |a 338.0025 | ||
| 082 | |b S617 | ||
| 100 | |a Singapore Manufacturers Association | ||
| 245 | 0 | |a SMA directory | |
| 245 | 0 | |c Singapore Manufacturers Association | |
| 260 | |a Singapore | ||
| 260 | |b Singapore Manufacturers Association | ||
| 260 | |c 1971 | ||
| 650 | |a Manufactures | ||
| 650 | |x Singapore,Directories | ||
| 904 | |i Nguyên | ||
| 980 | |a Trung tâm Học liệu Trường Đại học Cần Thơ | ||